Modern Day Countries of the Dutch Empire on a Map - Statistics

General Stats
  • This quiz has been taken 61,695 times
  • The average score is 13 of 15
Answers on the Map
Answers color-coded by a green-red scale on the quiz's map according to % correct below.
 
Answer Stats
Country % Correct
Indonesia
98%
Netherlands
94%
Belgium
93%
Brazil
93%
United States
92%
Taiwan
90%
South Africa
89%
India
88%
Suriname
87%
Sri Lanka
86%
Guyana
85%
France
79%
Luxembourg
73%
Ghana
64%
Ivory Coast
62%
No matching quizzes found
Score Distribution
Percent of People with Each Score
Percentile by Number Answered
Your Score History
You have not taken this quiz